Österreichische Politiker - Statistiken

Allgemein
  • Dieses Quiz wurde 525 mal gespielt
  • Das Durchschnittsergebnis liegt bei 13 aus 20
Antwortstatistiken
Bildquiz Antwort % Korrekt
Sebastian Kurz
100%
Alexander Van der Bellen
93%
Heinz Christian Strache
92%
Herbert Kickl
86%
Norbert Hofer
80%
Werner Kogler
78%
Christian Kern
75%
Pamela Rendi Wagner
75%
Brigitte Bierlein
68%
Heinz Fischer
67%
Jörg Haider
66%
Hans Peter Doskozil
65%
Bruno Kreisky
61%
Werner Faymann
58%
Johanna Mikl Leitner
51%
Karl Renner
44%
Leopold Figl
40%
Kurt Waldheim
34%
Irmgard Griss
33%
Julius Raab
18%
Keine übereinstimmenden Quizze gefunden
Verteilung der Resultate
Anzahl Personen mit jedem Resultat
Perzentil nach korrekt beantworteten Fragen
Ihre Resultats-Entwicklung
Sie haben dieses Quiz noch nicht gespielt